Finančné trhy pre začiatočníkov

Metódy a nástroje hodnotenia banky žiadateľa o úver. Hodnotenie právnej spôsobilosti. Hodnotenie osobnej dôveryhodnosti. Hodnotenie bonity klienta. Posúdenie rizika návratnosti.

Guardado en:
Detalles Bibliográficos
Autor principal: Pilch, Ctibor, 1957-
Formato: Capítulo de libro
Lenguaje:eslovaco
Materias:
Etiquetas: Agregar Etiqueta
Sin Etiquetas, Sea el primero en etiquetar este registro!

MARC

LEADER 00000nla$a2200000$$$4500
001 0044999
005 20240502071524.7
041 0 |a slo 
044 |a SK 
245 1 0 |a Finančné trhy pre začiatočníkov  |c Ctibor Pilch 
520 |a Metódy a nástroje hodnotenia banky žiadateľa o úver. Hodnotenie právnej spôsobilosti. Hodnotenie osobnej dôveryhodnosti. Hodnotenie bonity klienta. Posúdenie rizika návratnosti. 
610 2 0 |a riziko bankové 
610 2 0 |a úver 
610 2 0 |a bonita 
610 2 0 |a ručenie 
610 2 0 |a trh 
610 2 0 |a pôžičky 
610 2 0 |a záväzky 
100 1 |a Pilch, Ctibor, 1957-